| 000 | nam a22 7a 4500 | ||
|---|---|---|---|
| 999 |
_c26415 _d26415 |
||
| 008 | 170204b xxu||||| |||| 00| 0 eng d | ||
| 020 | _a9781111579852 | ||
| 050 | _aQH 308.2 .S73 2013 | ||
| 100 |
_aStarr, Cecie _d2013 |
||
| 245 |
_aCell biology and genetics: _bThe unity and diversity of life/ _cCecie Starr, Ralph Taggart, Christine Evers, Lisa Starr. |
||
| 250 | _a13th ed. | ||
| 260 |
_aUSA: _bBrooks/ cole cengage learning, _c2013. |
||
| 300 |
_axii, 251, [39]p.: _bill.; _c28cm. |
||
| 521 | _aIncludes bibliographical references and index. | ||
| 650 | _aCytology. | ||
| 650 | _aGenetics. | ||
| 650 | _aBiology. | ||
| 700 | _aTaggart, Ralph. | ||
| 700 | _aEvers, Christine. | ||
| 700 | _aStarr, Lisa. | ||
| 942 |
_2lcc _cBOOKS _hQH 308.2 .S73 2013 |
||